Oasis, no hacer / (Registro nro. 14605)
[ vista simple ]
| 000 -LEADER | |
|---|---|
| fixed length control field | 00787nam a2200265 a 4500 |
| 001 - CONTROL NUMBER | |
| control field | |
| 003 - CONTROL NUMBER IDENTIFIER | |
| control field | DO-SdBNP |
| 005 - DATE AND TIME OF LATEST TRANSACTION | |
| control field | 20240320120430.0 |
| 008 - FIXED-LENGTH DATA ELEMENTS--GENERAL INFORMATION | |
| fixed length control field | 091001s2016 mx a r 000 0 spa d |
| 020 ## - INTERNATIONAL STANDARD BOOK NUMBER | |
| International Standard Book Number | 9786071641847 |
| 040 ## - CATALOGING SOURCE | |
| Original cataloging agency | DO-SdBNP |
| Language of cataloging | spa |
| Transcribing agency | BPMSU |
| 082 ## - DEWEY DECIMAL CLASSIFICATION NUMBER | |
| Classification number | U861.6 |
| Item number | M637o 2016 |
| Edition number | 22 |
| 100 1# - MAIN ENTRY--PERSONAL NAME | |
| Personal name | Milán, Eduardo, |
| Dates associated with a name | 1952- |
| 245 10 - TITLE STATEMENT | |
| Title | Oasis, no hacer / |
| Statement of responsibility, etc. | Eduardo Milán. |
| 260 ## - PUBLICATION, DISTRIBUTION, ETC. (IMPRINT) | |
| Place of publication, distribution, etc. | México: |
| Name of publisher, distributor, etc. | Fondo de Cultura Económica, |
| Date of publication, distribution, etc. | 2016 |
| 300 ## - PHYSICAL DESCRIPTION | |
| Extent | 143 p. ; |
| Dimensions | 22 cm. |
| Other physical details | |
| 490 0# - SERIES STATEMENT | |
| Series statement | Poesía |
| 590 ## - LOCAL NOTE (RLIN) | |
| Local note | Inventariado, 2024/VM |
| 650 #4 - SUBJECT ADDED ENTRY--TOPICAL TERM | |
| Topical term or geographic name as entry element | Poesías uruguaya |
| 650 #4 - SUBJECT ADDED ENTRY--TOPICAL TERM | |
| Topical term or geographic name as entry element | Ciudades y pueblos |
| Form subdivision | Poesías |
| 650 #4 - SUBJECT ADDED ENTRY--TOPICAL TERM | |
| Topical term or geographic name as entry element | Vida cotidiana |
| Form subdivision | Poesías. |
| 710 2# - ADDED ENTRY--CORPORATE NAME | |
| Corporate name or jurisdiction name as entry element | Fondo de Cultura Económica (México) |
| 910 ## - USER-OPTION DATA (OCLC) | |
| User-option data | VMateo V. Cotrol de calidad. BPMSU |
| 942 ## - ADDED ENTRY ELEMENTS (KOHA) | |
| Source of classification or shelving scheme | Dewey Decimal Classification |
| Koha item type | Libros |
| Withdrawn status | Lost status | Source of classification or shelving scheme | Damaged status | Not for loan | Collection code | Home library | Current library | Date acquired | Source of acquisition | Total Checkouts | Full call number | Barcode | Date last seen | Price effective from | Koha item type |
|---|---|---|---|---|---|---|---|---|---|---|---|---|---|---|---|
| Dewey Decimal Classification | Colección Juvenil General | Biblioteca Pública Metropolitana Salomé Ureña | Biblioteca Pública Metropolitana Salomé Ureña | 03/20/2024 | Fondo de Cultura Económica | BPMSU CJG U861.6 M637o 2016 | BPMSU24030067 | 03/20/2024 | 03/20/2024 | Libros |